000
00254 a2200109 4500
003
Nust
005
20170207154226.0
040
_c
Nust
082
_a
371.33
245
_a
A Batter Idea, Army Cadet (VHS-532)
440
_a
A Batter Idea, Army Cadet (VHS-532)
538
_a
Duration 90-Mins
999
_c
195584
_d
195584